000 00488nam a2200157 4500
008 070828s1959 enk 000 0 eng
090 _aPJ4567
_bW43p
100 1 _aWeingreen, J.
_q(Jacob)
245 0 2 _aA practical grammar for classical Hebrew.
250 _a2nd ed.
260 _aOxford :
_bClarendon Press,
_c1959.
300 _a316 p. ;
_c23 cm.
650 4 _aHebrew language
_xGrammar.
951 _p31088
_x00035431
_oPJ4567/W43p/c.4
_j070828165055687
_d2000-12-21
_cGC
999 _c29997
_d29997